Baseball Hall of Fame First Class - Statistics

General Stats
  • This quiz has been taken 116 times
  • The average score is 4 of 5
Answer Stats
Hint Answer % Correct
2 Babe Ruth
100%
1 Ty Cobb
91%
4 Honus Wagner
81%
5 Walter Johnson
80%
3 Christy Mathewson
75%
No matching quizzes found
Score Distribution
Percent of People with Each Score
Percentile by Number Answered
Your Score History
You have not taken this quiz